000 01533nam1a2200349 i 4500
001 RU\NLR\BIBL_A\016261321
005 20260407192559.0
035 _a(NLR Aleph) 016261321
090 _a12857005
_c12857005
100 _a20221228g20229999k y0rusy50 ba
101 1 _aeng
_crus
102 _aRU
105 _a z
181 0 _ai
_baxxe
182 0 _an
200 1 _aMy mother tongue
_ealmanac
_fCommission of the Russian Federation for UNESCO [etc.]
_gcompilation and editing: Evgeny Kuzmin and Anastasia Parshakova
_gEnglish translation: Anastasia Parshakova [et al.].
203 _aТекст
_bвизуальный
_cнепосредственный
210 _aMoscow
_cInterregional library cooperation centre
_d2022
215 _d30
225 1 _aInternational decade of indigenous languages
541 1 _aМой родной язык. Альманах
606 _aЯзыки народов России
_jСборники
_91082768
_3RU\NLR\AUTH\66104587
606 1 _aЯзыковая политика
_jСборники
_yРоссийская Федерация
_92188479
_3RU\NLR\AUTH\661315691
686 1 _aШ12/17(2)я43
686 1 _aШ121(2)я43
702 1 _4340
_7ba
_8rus
_aKuz'min
_bE. I.
_cканд. пед. наук
_f1955-
_gEvgenij Ivanovič
_9251555
_3RU\NLR\AUTH\770251611
712 0 1 _8eng
_aRussian Federation
_bCommission for UNESCO
_7ba
_3RU\NLR\AUTH\8810126074
_9749532
852 _aNLR
_jИк 2022-8/245
942 _cBOOK